| 000 | 00784cam a2200277K 4500 | ||
|---|---|---|---|
| 999 |
_c174595 _d174595 |
||
| 001 | 7479966 | ||
| 003 | Nust | ||
| 005 | 20170202115833.0 | ||
| 008 | 090619s1861 gw 000 0 eng d | ||
| 020 | _a9780141023533 (pbk) | ||
| 035 | _a(OCoLC)476857143 | ||
| 035 | _a(OCoLC)ocn476857143 | ||
| 035 | _a(UtOrBLW)bslw05619856 | ||
| 035 | _a(NNC)7479966 | ||
| 040 |
_aNNC-RB _cUtOrBLW |
||
| 082 |
_a823 _bDIC |
||
| 100 | 1 |
_aDickens, Charles, _d1812-1870. |
|
| 245 | 1 | 0 |
_aGreat expectations. _cBy Charles Dickens. |
| 250 | _aCopyright ed. ... | ||
| 260 |
_aLeipzig, _bB. Tauchnitz, _c1861. |
||
| 300 |
_a555 p. _c16 cm. |
||
| 490 | 1 |
_aCollection of British authors ; _vv. 1 |
|
| 830 | 0 |
_aCollection of British authors ; _vv. 547-548. |
|
| 942 |
_2ddc _cBK |
||